Adavi jnanada ananya tota: aranya (Record no. 116440)
[ view plain ]
| 000 -LEADER | |
|---|---|
| fixed length control field | 00900nam a2200301Ia 4500 |
| 003 - CONTROL NUMBER IDENTIFIER | |
| control field | OSt |
| 005 - DATE AND TIME OF LATEST TRANSACTION | |
| control field | 20240416115133.0 |
| 008 - FIXED-LENGTH DATA ELEMENTS--GENERAL INFORMATION | |
| fixed length control field | 210210b2008 xxu||||| |||| 00| 0 eng d |
| 020 ## - INTERNATIONAL STANDARD BOOK NUMBER | |
| International Standard Book Number | 8177132431 |
| 040 ## - CATALOGING SOURCE | |
| Transcribing agency | AL |
| 041 ## - LANGUAGE CODE | |
| Language code of text/sound track or separate title | Kannada |
| 082 ## - DEWEY DECIMAL CLASSIFICATION NUMBER | |
| Classification number | 630K KANA |
| 100 ## - MAIN ENTRY--PERSONAL NAME | |
| Personal name | KANNADA PUSTAKA PRADHIKARA |
| Dates associated with a name | ಕನ್ನಡ ಪುಸ್ತಕ ಪ್ರಾಧಿಕಾರ |
| 9 (RLIN) | 160612 |
| 245 ## - TITLE STATEMENT | |
| Title | Adavi jnanada ananya tota: aranya |
| Remainder of title | ಅಡವಿ ಜ್ಞಾನದ ಅನನ್ಯ ತೋಟ : ಅರಣ್ಯ |
| 260 ## - PUBLICATION, DISTRIBUTION, ETC. | |
| Place of publication, distribution, etc. | Bengaluru |
| Name of publisher, distributor, etc. | Kannada Pustaka Pradhikara |
| Date of publication, distribution, etc. | 2008 |
| 300 ## - PHYSICAL DESCRIPTION | |
| Extent | xvi,147 |
| 440 ## - SERIES STATEMENT/ADDED ENTRY--TITLE | |
| Title | 2 |
| 9 (RLIN) | 160613 |
| 650 ## - SUBJECT ADDED ENTRY--TOPICAL TERM | |
| Topical term or geographic name entry element | tota: |
| 9 (RLIN) | 160614 |
| 650 ## - SUBJECT ADDED ENTRY--TOPICAL TERM | |
| Topical term or geographic name entry element | samputa |
| 9 (RLIN) | 160615 |
| 650 ## - SUBJECT ADDED ENTRY--TOPICAL TERM | |
| Topical term or geographic name entry element | jnanada |
| 9 (RLIN) | 160616 |
| 650 ## - SUBJECT ADDED ENTRY--TOPICAL TERM | |
| Topical term or geographic name entry element | aranya |
| 9 (RLIN) | 160617 |
| 650 ## - SUBJECT ADDED ENTRY--TOPICAL TERM | |
| Topical term or geographic name entry element | ananya |
| 9 (RLIN) | 160618 |
| 650 ## - SUBJECT ADDED ENTRY--TOPICAL TERM | |
| Topical term or geographic name entry element | Adavi |
| 9 (RLIN) | 160619 |
| 650 ## - SUBJECT ADDED ENTRY--TOPICAL TERM | |
| Topical term or geographic name entry element | 2 |
| 9 (RLIN) | 160620 |
| 690 ## - LOCAL SUBJECT ADDED ENTRY--TOPICAL TERM (OCLC, RLIN) | |
| Topical term or geographic name as entry element | Agriculture |
| 9 (RLIN) | 160621 |
| 906 ## - LOCAL DATA ELEMENT F, LDF (RLIN) | |
| a | 064407 |
| 942 ## - ADDED ENTRY ELEMENTS (KOHA) | |
| Source of classification or shelving scheme | Dewey Decimal Classification |
| Koha item type | Book |
| Withdrawn status | Lost status | Damaged status | Not for loan | Collection code | Home library | Current library | Shelving location | Date acquired | Source of acquisition | Cost, normal purchase price | Total Checkouts | Full call number | Barcode | Date last seen | Price effective from | Koha item type |
|---|---|---|---|---|---|---|---|---|---|---|---|---|---|---|---|---|
| St Aloysius Library | St Aloysius Library | 02/17/2021 | Kannada Pustaka Pradikara, Bengaluru-560002 | 60.00 | 630K KANA | 064407 | 02/17/2021 | 02/17/2021 | Book |